000 01586cam a22002174a 4500
005 20250605164330.0
008 250528s ||||||||||||||||||||||||d
035 _a23190
020 _a9780857027504
040 _aGR-AtMCL
_bgre
_dGR-AtMCL
_eAACR2
245 1 _aLong-Term Conditions
250 _a1st
260 _bSage,
_c2012
300 _a214
520 _aThis book explores the complex issues surrounding the experience of long - term illness and the enormous pressure this puts on individuals, their families and careers and on health and social care services. Introduction, Receiving Care, Introduction, Living with Early Dementia, Disabilities and Illness: The Perspective of People Living with a Long - Term Condition, Experiencing Depression and Diabetes, Experiencing and Managing Medically Unexplained Conditions: The Case of Chronic Pelvic Pain in Women, Me and Me: Therapeutic Landscapes in an Unfamiliar World, Working with People with Lon - Term Conditions, How to Make Health and Social Care Research Radical and Really Really Useful, Naught for Your Comfort: Quality of Primary Care for People with Long - Term Conditions, Diabetes and Pregnancy: Service - Users' Perspectives on Services and on Research, Delivering Health and Social Care for People with Long - Term Conditions, International Experience of Integrating Health and Social Care for People Living with HIV, Ethics and Long - Term Conditions: A Reflective Approach, Index.
700 1 _aHeller Tom
_98767
700 1 _aLloyd Cathy E.
_98768
942 _cBK
999 _c8220
_d8220